00556nam a2200121Ia 4500008004100000100002400041245012300065245007500188260004700263260000900310650002200319856009300341160809s9999 xx 000 0 und d aDrame, Elizabeth R. aPERCEPTIONS OF DISABILITY AND ACCESS TO INCLUSIVE EDUCATION IN WEST AFRICA: A COMPARATIVE CASE STUDY IN DAKAR, SENEGAL cElizabeth R. Drame Kaytie Kamphoff University of Wisconsin-Milwaukee  bInternational Journal of Special Education c2014 xSPECIAL EDUCATION uhttp://www.internationaljournalofspecialed.com/issues/IJSE%20ENTIRE%20ISSUE%2029%203.pdf